Представление документа в формате RUSMARC

ПолеНазваниеЗначение
  Тип записи a
  Библиографический уровень a
001 Контрольный номер UONB/MAIN/8e14637ae4dc432e8b00529966da7f44
005 Дата корректировки 20260512144303.6
100 Данные общей обработки __
a Данные общей обработки 20260512 ||| 0rusy0189 ca
101 Язык документа 0_
a Язык текста rus
102 Страна публикации __
a Страна публикации RU
200 Заглавие и сведения об ответственности 1_
a Заглавие Свидетель двух эпох
f Первые сведения об ответственности С. Одаева
203 Вид содержания и тип средства __
a Вид содержания Текст
b Характеристика содержания визуальный
c Тип средства непосредственный
215 Физическое описание __
c Иллюстрации/тип воспроизводства ил., портр.
330 Аннотация __
a Аннотация Анастасия Ивановна Матвеева - почетный гражданин Новомалыклинского района, педагог.
461 Уровень набора _0
1 2000
a Звезда
463 Уровень физической единицы _0
1 2000
a № 13 (10545) (27 марта)
v С. 5
1 2101
d 2026
1 001UONB/MAIN/04e8a1531a0c477497866f6d966ce120
600 Персоналии _1
a Персоналии (Фамилия) Матвеева
b Персоналии (Имя, инициалы) А. И.
g Полное имя Анастасия Ивановна
607 Географические рубрики __
a Географическое наименование Новая Малыкла, село (Новомалыклинский район ; Ульяновская область)
610 Ключевые слова 0_
a Ключевые слова краеведческие музеи; педагоги; почетные граждане; краеведческие чтения
686 Индексы других классификаций __
2 Код системы rubbk
a Классификационный индекс
700 Автор _1
a Фамилия Одаева
b Имя (инициалы) С.
g Полное личное имя Светлана
801 Источник записи _0
a Страна RU
b Организация Ульяновская ОНБ
c Дата составления 20260512
g Правила каталогизации RCR
801 Источник записи _1
a Страна RU
b Организация Ульяновская ОНБ
c Дата составления 20260512
g Правила каталогизации RCR
901 Тип документа __
t Тип документа f
w Контрольный № источника UONB/MAIN/04e8a1531a0c477497866f6d966ce120
909 Создатель записи __
a Создатель записи Логинова
b Дата создания записи 20260512